| 000 | 00625nam a2200169Ia 4500 | ||
|---|---|---|---|
| 003 | GCL | ||
| 008 | 140319s9999 xx 000 0 ara d | ||
| 040 |
_aGCL / _cGCL |
||
| 082 | 0 | 4 |
_a863 _bر س |
| 100 | 1 | _aرولفو، خوان | |
| 245 | 1 | 0 |
_aالسهل يحترق : _bمجموعة قصصية للكاتب المكسيكى خوان رولفو / _cرولفو، خوان |
| 260 |
_aالقاهرة : _bالمجلس الاعلى للثقافة ، _c2002 |
||
| 300 |
_a229 ص ؛ _c16 سم |
||
| 650 | 0 | 4 | _aالقصص المكسيكية المترجمة |
| 650 | 0 | 4 | _aالادب المكسيكى المترجم |
| 942 |
_2ddc _cBK |
||
| 999 |
_c3818 _d3818 |
||